000 01022nam a22002297a 4500
999 _c60419
_d60419
005 20230714102137.0
008 230714s2014en xxu||||| |||| 00| 0 eng d
020 _a9781433816871 X
041 _aeng
080 _a616.89 C-61
245 _aClinical neuropsychology : a pocket handbook for assessment /
_c Editor : Michael W. Parsons, Thomas A. Hammeke, Peter J. Snyder
250 _a3. ed
264 _a Washington, D.C.
_bAmerican Psychological Association
_c 2014.
300 _aXXIII, 741 p :.
_b Illustrationen;
_c18 cm.
653 _aClinical neuropsychology
653 _aClinical neuropsychology Handbooks, manuals, etc Handbooks and manuals Klinische Psychologie Neuropsychological tests
653 _aკლინიკური ნეიროფსიქოლოგია
700 _aParsons, Michael W.
_eრედაქტორი
_919315
700 _aHammeke, Thomas A.
_eრედაქტორი
_919316
700 _aSnyder, Peter J.
_eრედაქტორი
_919317
942 _2udc
_cBK